header

From the kitchen to the parlor (Record no. 237261)

MARC details
000 -LEADER
fixed length control field 01786nam a22004454a 4500
082 04 - DEWEY DECIMAL CLASSIFICATION NUMBER
Classification number 391.5/089/96073
100 1# - MAIN ENTRY--AUTHOR NAME
Personal name Jacobs-Huey, Lanita,
245 10 - TITLE STATEMENT
Title From the kitchen to the parlor
260 ## - PUBLICATION, DISTRIBUTION, ETC. (IMPRINT)
Place of publication Oxford ;
-- New York :
Name of publisher Oxford University Press,
Year of publication 2006.
300 ## - PHYSICAL DESCRIPTION
Number of Pages xii, 180 p. :
Other physical details ill.
490 1# - SERIES STATEMENT
Series statement Studies in language and gender
650 #0 - SUBJECT ADDED ENTRY--TOPICAL TERM
Topical Term Hairdressing of African Americans.
Topical Term Hair
Topical Term Hair
Topical Term African American women
Topical Term African American women
Topical Term African American women
856 40 - ELECTRONIC LOCATION AND ACCESS
Uniform Resource Identifier http://site.ebrary.com/lib/rucke/Doc?id=10177956

No items available.

© 2026 Rongo University
Contact us: librarian | system librarian | Rongo university